Les pays d'origine des résidents en Italie - Statistiques

Statistiques générales
  • Ce quiz a été pris 164 fois
  • Le résultat moyen est 7 sur 15
Statistiques - réponses
Rang Pays d'origine Population arrondie % Correct
3 Maroc 420 600
92%
4 Chine 282 000
69%
10 Egypte 113 000
63%
7 Inde 151 500
60%
2 Albanie 448 500
54%
1 Roumanie 1 169 000
53%
5 Ukraine 234 500
50%
13 Sénégal 101 200
49%
11 Pakistan 108 000
43%
15 Pologne 97 000
41%
9 Bangladesh 122 500
31%
8 Moldavie 122 500
23%
6 Philippines 166 500
19%
12 Sri Lanka 105 000
16%
14 Pérou 99 000
6%
Aucun quiz correspondant
Distribution des résultats
% des personnes avec chaque résultat
Percentile par nombre de réponses
Votre historique - résultats
Vous n’avez pas pris ce quiz